| 000 | 01447nam a2200301Ia 4500 | ||
|---|---|---|---|
| 003 | gtgcusco | ||
| 005 | 20250822111733.0 | ||
| 008 | 250806t1995||||xx |||||||||||||| ||spa|| | ||
| 040 |
_agtgcusco _bspa _cgtgcusco _dgtgcusco |
||
| 041 | _aspa | ||
| 084 | _aT1451 | ||
| 100 |
_aBarrera Esquivel, Efraín _914442 |
||
| 245 | 0 |
_aDiseño, ejecución y evaluación de un programa de capacitación sobre salud bucal, para el personal de enfermería que tiene a su cargo el cuidado de los pacientes internos incapacitados físicos por secuelas de un accidente cerebro vascular en el Hospital de rehabilitación del Instituto Guatemalteco de Seguridad Social. / _cEfrain Barrera Esquivel. -- |
|
| 260 |
_aGuatemala : _bUSAC, _c1995 |
||
| 300 |
_a79 p. : _bil. ; _c27 cm. |
||
| 336 |
_atexto _btxt _2rdacontenido |
||
| 337 |
_aSin mediación _bn _2rdamedio |
||
| 338 |
_avolumen _bnc _2rdasoporte |
||
| 502 | _aTesis (Cirujano Dentista) -- Universidad de San Carlos de Guatemala, Facultad de Odontología. -- | ||
| 650 |
_aAtención dental para personas con discapacidad _914443 |
||
| 650 |
_aCapacitación de recursos humanos en salud _914217 |
||
| 650 |
_aSalud bucal _9854 |
||
| 650 |
_aEducación en salud dental _91220 |
||
| 700 |
_aHernández Gallardo, Ana Patricia _easesor _911093 |
||
| 856 | _uhttp://biblioteca.usac.edu.gt/tesis/09/09_1182.pdf | ||
| 942 |
_aBiblioteca Facultad de Odontología _cTESIS _kT1451 _n0 |
||
| 999 |
_c6082 _d6082 |
||